000 00611nam a2200205Ia 4500
008 191119s9999 xx 000 0 und d
020 _a978-621-406-167-9
050 _aFIL G 155.A1
050 _b.M37 2018
100 _aMaranan, Jovid Maricar D.
245 0 _aRisk management for tourism and hospitality management /
245 0 _cJovid Maricar D. Maranan, Mario H. Maranan, Cristina O. Nazareno-Caluza.
260 _aPhilippines :
260 _bMindshapers,
260 _c2018
300 _a148 pages :
300 _c26 cm.
500 _aIncludes bibliographic references.
650 _aTourism.
999 _c363111
_d363111